书目信息 |
| 题名: |
八一三淞沪抗战
|
|
| 作者: | ;本书编写组 编 | |
| 分册: | ||
| 出版信息: | 北京 中国文史出版社 1987.10 |
|
| 页数: | 427页 | |
| 开本: | 19cm | |
| 丛书名: | 原国民党将领抗日战争亲历记 | |
| 单 册: | ||
| 中图分类: | K265.5 | |
| 科图分类: | ||
| 主题词: | 中国--历史 | |
| 电子资源: | ||
| ISBN: | 7-5034-0004-8 | |
| 000 | 00676nam0 2200229 45 | |
| 001 | 0204171547 | |
| 005 | 20040518082501.0 | |
| 010 | @a7-5034-0004-8@dCNY3.95 | |
| 091 | @a11224.249 | |
| 100 | @a20020417d1987 km y0chiy0120 ea | |
| 101 | 0 | @achi |
| 105 | @aa z 000yy | |
| 200 | 1 | @a八一三淞沪抗战@ABa Yi San Song Hu Kang Zhan@f本书编写组编@FBen Shu Bian Xie Zu Bian |
| 210 | @a北京@c中国文史出版社@d1987.10 | |
| 215 | @a427页@c照片@d19cm | |
| 225 | @a原国民党将领抗日战争亲历记 | |
| 410 | @12001 @a原国民党将领抗日战争亲历记 | |
| 606 | 0 | @a中国@x历史 |
| 690 | @aK265.5@v3 | |
| 711 | 02 | @a本书编写组@4编 |
| 801 | @aCN@bTSTC@c20020417 | |
| 905 | @dK265.5@e41@f1@b251323 | |
| 八一三淞沪抗战/本书编写组编.-北京:中国文史出版社,1987.10 |
| 427页:照片;19cm.-(原国民党将领抗日战争亲历记) |
| ISBN 7-5034-0004-8:CNY3.95 |
| ● |
| 相关链接 |
|
|
|
|
正题名:八一三淞沪抗战
索取号:K265.5/41
 
预约/预借
| 序号 | 登录号 | 条形码 | 馆藏地/架位号 | 状态 | 备注 |
| 1 | 0251321 | 000354556 | 第二样本阅览室/ [索取号:K265.5/41] | 在馆 | |
| 2 | 0251322 | 001791261 | 密集书库/ [索取号:K265.5/41] | 在馆 | |
| 3 | 0251323 | 000354547 | 第二借阅区/ [索取号:K265.5/41] | 在馆 |